00534 2200193 4500001002100000005001700021008004100038035002600079245001800105100001800123250000600141260005900147300005900206020001800265082000800283650001300291990001800304990001800322INLIS00000000000319520191230014358.0191230| ||| | ind  a 0010-12190000000319500cArifin C.Noer0 aArifin C.Noer a1 aBalai Pustaka : JakartabBalai Pustaka : Jakartac1994 a55 hlm, angkasa Pura 2017 ;c55 hlm, angkasa Pura 2017 a979-407-262-10 a800 0aAA II UU aB201802068093 aB201803068413